| 000 | 01228cam a2200325 i 4500 | ||
|---|---|---|---|
| 001 | 1852 | ||
| 003 | FISKH | ||
| 005 | 20231019085552.0 | ||
| 008 | 760805t19781943nyua j 000 1 eng | ||
| 010 | _a 76039988 | ||
| 020 | _a0140309276 : | ||
| 040 |
_aDLC _cDLC _dDLC _beng |
||
| 042 | _alcac | ||
| 050 | 0 | 0 |
_aPZ7.M1336 _bHo 1978 |
| 082 | 0 | 0 | _a823 |
| 100 | 1 |
_aMcCloskey, Robert, _d1914-2003. |
|
| 245 | 1 | 0 |
_aHomer Price / _cby Robert McCloskey. |
| 260 |
_aNew York : _bScholastic, _c1978, 1943. |
||
| 300 |
_a149 pages : _billustrations ; _c20 cm. |
||
| 505 | _aZ' | ||
| 520 | _aSix episodes in the life of Homer Price including one in which he and his pet skunk capture four bandits and another about a donut machine on the rampage. | ||
| 521 | 8 |
_a1000
_bLexile |
|
| 521 | 8 |
_aZ'
_bRaz-Plus |
|
| 650 | 1 | _aHumorous stories. | |
| 856 | 4 | 2 |
_3Contributor biographical information _uhttp://www.loc.gov/catdir/enhancements/fy1315/76039988-b.html |
| 856 | 4 | 2 |
_3Publisher description _uhttp://www.loc.gov/catdir/enhancements/fy1412/76039988-d.html |
| 856 | 4 | 1 |
_3Sample text _uhttp://www.loc.gov/catdir/enhancements/fy1504/76039988-s.html |
| 906 |
_a7 _bcbc _corignew _d1 _eocip _f19 _gy-gencatlg |
||
| 942 |
_2ddc _cBK _n0 |
||
| 999 |
_c1852 _d1852 |
||